000 00794nam a22001577a 4500
003 OSt
005 20151204112135.0
008 151204b xxu||||| |||| 00| 0 eng d
040 _cRUA
082 _aFIS NGI 2007 B179 Or.1
100 _94270
_aNGIN KAMSAN; ងិន កំសាន្ត
245 _aInvestigation of siamese crocodile migration in the prek toal core area of the tonle sap great lake using radio tracking,​ សិក្សាពីបំលាស់ទីរបស់ក្រពើដោយប្រើប្រាស់ ឧបករណ៍ចាប់សំលេងក្នុងតំបន់ស្នួល ព្រែកទាល់នៃបឹងទន្លេសាប.
260 _aPhnom Penh
_bRUA
_c2007
300 _ax; 45p.
_bill.
_c29cm.
942 _2ddc
_cFIS
999 _c3985
_d3985